00517 a2200181 4500001000700000020001500007040003500022100002900057240003300086245002800119300000800147362000900155440001200164697002300176942000700199952011000206999001900316156665 a8516045668 cEscola São Tomás de Aquino aCARMO, Paulo Sérgio do10aA ideologia do trabalholpor10aA ideologia do trabalho a1430 a2005 1aModerna aTeoria e filosofia cBK 00104070a12.22b12.22d2024-04-30l0o330.01 CAR IDEpEST00010958r2024-04-30 22:13:56w2024-04-30yBK c156665d156665